000 00787nam a2200241 a 4500
001 50416
003 BD-RjUL
005 20211209075514.0
008 160826s1966 mau b 001 0 eng
035 _a(BD-RjUL)50536
040 _aDLC/ICU
_cICU
_dBD-RjUL
_beng
041 _aeng
082 0 0 _a512.3
_223
_bMCA 1966
100 1 _aMcCarthy, Paul J.
_q(Paul Joseph),
_d1928-
_9151069
245 1 0 _aAlgebraic extensions of fields /
_c[by] Paul J. McCarthy.
260 _aWaltham, Mass. :
_bBlaisdell Pub. Co.,
_cc1966
300 _aix, 166 p. ;
_c24 cm.
504 _aBibliography: p. 161-163. and index
650 0 _aAlgebraic fields.
_9151071
650 0 _aField extensions (Mathematics)
_9151072
942 _2ddc
_cBK
999 _c50416
_d50416